000 00527nam a2200181Ia 4500
008 090630s9999 xx 000 0 und d
082 _b17810
100 _aशिरवळकर सुहास.
245 _aसंशय.
_cशिरवळकर सुहास.
260 _b---
300 _a148
600 _aशिरवळकर सुहास.
630 _aसंशय.
655 _aकादंबरी.
700 _aशिरवळकर सुहास.
730 _aसंशय.
942 _cBOOK
999 _c269666
_d269666